[Event "DVM U10 2023"]
[Site "Magdeburg GER"]
[Date "2023.12.28"]
[Round "3"]
[White "Heilmann, Theo"]
[Black "Tischlinger, Lara"]
[Result "1-0"]
[Termination "normal"]
[Board "12.1"]
[WhiteElo "1315"]
[BlackElo "1312"]
[WhiteClock "00:25:25"]
[BlackClock "00:01:36"]
[WhiteTeam "Schachfüchse Kempen 1986"]
[BlackTeam "SK Weisse Dame Hamburg"]
[PlyCount "121"]
[WhiteFideId "34678476"]
[BlackFideId "34663401"]
[EventCountry "GER"]
[EventRounds "7"]
[EventType "team-swiss"]
[EventDate "2023.12.27"]

1. d4 {[%clk 00:53:02]} {[%emt 00:02:08]} d5 {[%clk 00:55:02]} {[%emt
00:00:08]} 2. Bf4 {[%clk 00:52:55]} {[%emt 00:00:12]} Nf6 {[%clk 00:54:58]}
{[%emt 00:00:09]} 3. c3 {[%clk 00:52:27]} {[%emt 00:00:34]} c5 {[%clk
00:53:54]} {[%emt 00:01:08]} 4. e3 {[%clk 00:51:56]} {[%emt 00:00:34]} Nc6
{[%clk 00:53:35]} {[%emt 00:00:26]} 5. Nf3 {[%clk 00:51:32]} {[%emt 00:00:28]}
cxd4 {[%clk 00:53:05]} {[%emt 00:00:35]} 6. cxd4 {[%clk 00:51:28]} {[%emt
00:00:11]} Bg4 {[%clk 00:51:54]} {[%emt 00:01:16]} 7. Nbd2 {[%clk 00:50:28]}
{[%emt 00:01:04]} e6 {[%clk 00:51:28]} {[%emt 00:00:31]} 8. Qb3 {[%clk
00:50:13]} {[%emt 00:00:21]} Bxf3 {[%clk 00:44:02]} {[%emt 00:07:30]} 9. Nxf3
{[%clk 00:50:05]} {[%emt 00:00:13]} Bb4+ {[%clk 00:43:31]} {[%emt 00:00:35]}
10. Kd1 {[%clk 00:49:44]} {[%emt 00:00:27]} Qe7 {[%clk 00:36:19]} {[%emt
00:07:17]} 11. Bb5 {[%clk 00:48:28]} {[%emt 00:01:21]} O-O {[%clk 00:35:48]}
{[%emt 00:00:36]} 12. Ke2 {[%clk 00:48:16]} {[%emt 00:00:17]} a6 {[%clk
00:33:59]} {[%emt 00:01:54]} 13. Bd3 {[%clk 00:47:38]} {[%emt 00:00:43]} Na5
{[%clk 00:32:22]} {[%emt 00:01:43]} 14. Qa4 {[%clk 00:47:01]} {[%emt 00:00:41]}
b5 {[%clk 00:30:00]} {[%emt 00:02:27]} 15. Qd1 {[%clk 00:45:32]} {[%emt
00:01:34]} Nc4 {[%clk 00:28:28]} {[%emt 00:01:37]} 16. Bxc4 {[%clk 00:45:13]}
{[%emt 00:00:24]} bxc4 {[%clk 00:28:01]} {[%emt 00:00:33]} 17. a3 {[%clk
00:45:06]} {[%emt 00:00:12]} Bd6 {[%clk 00:27:29]} {[%emt 00:00:37]} 18. Bxd6
{[%clk 00:44:56]} {[%emt 00:00:15]} Qxd6 {[%clk 00:27:28]} {[%emt 00:00:07]}
19. b4 {[%clk 00:44:46]} {[%emt 00:00:15]} Ne4 {[%clk 00:26:38]} {[%emt
00:00:54]} 20. Qc2 {[%clk 00:43:40]} {[%emt 00:01:11]} Rfb8 {[%clk 00:25:14]}
{[%emt 00:01:29]} 21. Rhb1 {[%clk 00:42:40]} {[%emt 00:01:03]} Qe7 {[%clk
00:22:59]} {[%emt 00:02:21]} 22. Kf1 {[%clk 00:41:28]} {[%emt 00:01:17]} Rb5
{[%clk 00:20:26]} {[%emt 00:02:38]} 23. Ne5 {[%clk 00:36:50]} {[%emt 00:04:43]}
Qd6 {[%clk 00:17:32]} {[%emt 00:02:59]} 24. Rc1 {[%clk 00:35:11]} {[%emt
00:01:44]} Rb6 {[%clk 00:13:39]} {[%emt 00:03:58]} 25. Nxc4 {[%clk 00:34:30]}
{[%emt 00:00:47]} dxc4 {[%clk 00:13:25]} {[%emt 00:00:18]} 26. Qxe4 {[%clk
00:34:23]} {[%emt 00:00:11]} Rc8 {[%clk 00:12:54]} {[%emt 00:00:37]} 27. Rc3
{[%clk 00:33:29]} {[%emt 00:00:59]} Qxh2 {[%clk 00:12:21]} {[%emt 00:00:38]}
28. Rac1 {[%clk 00:32:54]} {[%emt 00:00:41]} Rbc6 {[%clk 00:10:46]} {[%emt
00:01:40]} 29. d5 {[%clk 00:32:13]} {[%emt 00:00:45]} exd5 {[%clk 00:09:52]}
{[%emt 00:00:59]} 30. Qxd5 {[%clk 00:31:43]} {[%emt 00:00:36]} Qc7 {[%clk
00:05:45]} {[%emt 00:04:11]} 31. Qe4 {[%clk 00:30:01]} {[%emt 00:01:47]} h6
{[%clk 00:03:32]} {[%emt 00:02:19]} 32. Ke2 {[%clk 00:29:39]} {[%emt 00:00:27]}
a5 {[%clk 00:02:35]} {[%emt 00:01:02]} 33. b5 {[%clk 00:29:03]} {[%emt
00:00:41]} Rc5 {[%clk 00:02:37]} {[%emt 00:00:03]} 34. a4 {[%clk 00:29:00]}
{[%emt 00:00:08]} Kh8 {[%clk 00:02:11]} {[%emt 00:00:30]} 35. g3 {[%clk
00:28:26]} {[%emt 00:00:40]} Kg8 {[%clk 00:02:12]} {[%emt 00:00:04]} 36. Qd4
{[%clk 00:27:45]} {[%emt 00:00:45]} Kh8 {[%clk 00:02:10]} {[%emt 00:00:07]} 37.
Qf4 {[%clk 00:27:28]} {[%emt 00:00:22]} Qxf4 {[%clk 00:02:13]} {[%emt
00:00:03]} 38. exf4 {[%clk 00:27:23]} {[%emt 00:00:10]} Kg8 {[%clk 00:02:10]}
{[%emt 00:00:08]} 39. Ke3 {[%clk 00:27:20]} {[%emt 00:00:07]} Kf8 {[%clk
00:02:13]} {[%emt 00:00:02]} 40. Kd4 {[%clk 00:26:54]} {[%emt 00:00:31]} Ke7
{[%clk 00:02:14]} {[%emt 00:00:05]} 41. Rxc4 {[%clk 00:26:49]} {[%emt
00:00:10]} Rxc4+ {[%clk 00:02:15]} {[%emt 00:00:04]} 42. Rxc4 {[%clk 00:26:40]}
{[%emt 00:00:14]} Rxc4+ {[%clk 00:02:16]} {[%emt 00:00:03]} 43. Kxc4 {[%clk
00:26:39]} {[%emt 00:00:06]} Kd6 {[%clk 00:02:19]} {[%emt 00:00:02]} 44. Kd4
{[%clk 00:26:14]} {[%emt 00:00:30]} f5 {[%clk 00:02:16]} {[%emt 00:00:09]} 45.
f3 {[%clk 00:26:08]} {[%emt 00:00:11]} h5 {[%clk 00:02:14]} {[%emt 00:00:08]}
46. Kc4 {[%clk 00:26:05]} {[%emt 00:00:07]} g6 {[%clk 00:02:07]} {[%emt
00:00:11]} 47. Kd4 {[%clk 00:26:04]} {[%emt 00:00:06]} Kc7 {[%clk 00:02:06]}
{[%emt 00:00:06]} 48. Ke5 {[%clk 00:26:01]} {[%emt 00:00:09]} Kb6 {[%clk
00:02:09]} {[%emt 00:00:01]} 49. Kf6 {[%clk 00:25:58]} {[%emt 00:00:09]} Kc5
{[%clk 00:02:11]} {[%emt 00:00:03]} 50. Kxg6 {[%clk 00:25:54]} {[%emt
00:00:08]} Kb6 {[%clk 00:02:14]} {[%emt 00:00:03]} 51. Kxf5 {[%clk 00:25:39]}
{[%emt 00:00:20]} Kc5 {[%clk 00:02:08]} {[%emt 00:00:10]} 52. Kg5 {[%clk
00:25:39]} {[%emt 00:00:06]} h4 {[%clk 00:01:58]} {[%emt 00:00:14]} 53. gxh4
{[%clk 00:25:39]} {[%emt 00:00:05]} Kb6 {[%clk 00:01:58]} {[%emt 00:00:04]} 54.
h5 {[%clk 00:25:36]} {[%emt 00:00:10]} Kc7 {[%clk 00:01:56]} {[%emt 00:00:07]}
55. h6 {[%clk 00:25:36]} {[%emt 00:00:05]} Kd7 {[%clk 00:01:54]} {[%emt
00:00:07]} 56. h7 {[%clk 00:25:34]} {[%emt 00:00:06]} Kd6 {[%clk 00:01:51]}
{[%emt 00:00:08]} 57. h8=Q {[%emt 00:00:10]} Kc5 {[%clk 00:01:45]} {[%emt
00:00:07]} 58. Qc3+ {[%clk 00:25:30]} {[%emt 00:00:09]} Kd6 {[%clk 00:01:39]}
{[%emt 00:00:10]} 59. Qc6+ {[%clk 00:25:25]} {[%emt 00:00:09]} Ke7 {[%clk
00:01:40]} {[%emt 00:00:04]} 60. Kg6 {[%clk 00:25:25]} {[%emt 00:00:06]} Kd8
{[%clk 00:01:36]} {[%emt 00:00:07]} 61. Qb7 {[%emt 00:01:15]} 1-0

[Event "DVM U10 2023"]
[Site "Magdeburg GER"]
[Date "2023.12.28"]
[Round "3"]
[White "Horn, Niclas"]
[Black "Reuscher, Joel David"]
[Result "0-1"]
[Termination "normal"]
[Board "12.2"]
[WhiteElo "1058"]
[BlackElo "1010"]
[WhiteClock "00:28:56"]
[BlackClock "00:12:00"]
[WhiteTeam "SK Weisse Dame Hamburg"]
[BlackTeam "Schachfüchse Kempen 1986"]
[PlyCount "96"]
[WhiteFideId "34663428"]
[EventCountry "GER"]
[EventRounds "7"]
[EventType "team-swiss"]
[EventDate "2023.12.27"]

1. e4 {[%clk 00:55:09]} e5 {[%clk 00:52:57]} {[%emt 00:02:13]} 2. Nf3 {[%clk
00:55:06]} {[%emt 00:00:08]} Nc6 {[%clk 00:52:43]} {[%emt 00:00:18]} 3. d4
{[%clk 00:55:04]} {[%emt 00:00:08]} exd4 {[%clk 00:51:56]} {[%emt 00:00:52]} 4.
Nxd4 {[%clk 00:55:03]} {[%emt 00:00:07]} Bc5 {[%clk 00:51:38]} {[%emt
00:00:22]} 5. Nxc6 {[%clk 00:54:58]} {[%emt 00:00:10]} bxc6 {[%clk 00:51:38]}
{[%emt 00:00:05]} 6. Nc3 {[%clk 00:54:56]} {[%emt 00:00:08]} Nf6 {[%clk
00:50:59]} {[%emt 00:00:43]} 7. Bc4 {[%clk 00:54:47]} {[%emt 00:00:14]} O-O
{[%clk 00:50:53]} {[%emt 00:00:11]} 8. O-O {[%emt 00:00:12]} h6 {[%emt
00:00:35]} 9. e5 {[%clk 00:53:43]} {[%emt 00:00:21]} Nh7 {[%clk 00:50:11]}
{[%emt 00:00:47]} 10. Qf3 {[%clk 00:53:09]} {[%emt 00:00:40]} Ng5 {[%clk
00:45:44]} {[%emt 00:04:27]} 11. Qg3 {[%clk 00:52:17]} {[%emt 00:01:01]} d5
{[%clk 00:43:45]} {[%emt 00:02:05]} 12. exd6 {[%clk 00:52:06]} {[%emt
00:00:16]} Bxd6 {[%clk 00:43:19]} {[%emt 00:00:31]} 13. Qd3 {[%clk 00:50:24]}
{[%emt 00:01:47]} Re8 {[%clk 00:40:19]} {[%emt 00:03:05]} 14. Bxg5 {[%clk
00:49:19]} {[%emt 00:01:09]} hxg5 {[%clk 00:38:59]} {[%emt 00:01:25]} 15. Qf3
{[%clk 00:48:32]} {[%emt 00:00:49]} Qd7 {[%clk 00:37:50]} {[%emt 00:01:19]} 16.
Qh5 {[%clk 00:47:48]} {[%emt 00:00:48]} Qe7 {[%clk 00:33:24]} {[%emt 00:04:27]}
17. Ne2 {[%clk 00:46:50]} {[%emt 00:01:07]} Qf6 {[%clk 00:32:27]} {[%emt
00:00:45]} 18. Ng3 {[%clk 00:45:30]} {[%emt 00:01:43]} Re7 {[%clk 00:30:19]}
{[%emt 00:02:12]} 19. c3 {[%clk 00:43:15]} {[%emt 00:02:20]} Qf4 {[%clk
00:28:50]} {[%emt 00:01:27]} 20. Bd3 {[%clk 00:42:57]} {[%emt 00:00:30]} g6
{[%clk 00:27:46]} {[%emt 00:01:09]} 21. Qd1 {[%clk 00:42:30]} {[%emt 00:00:32]}
Qh4 {[%clk 00:25:15]} {[%emt 00:02:33]} 22. Qf3 {[%clk 00:41:50]} {[%emt
00:00:48]} Bd7 {[%clk 00:24:26]} {[%emt 00:00:55]} 23. h3 {[%clk 00:41:09]}
{[%emt 00:00:45]} Rb8 {[%clk 00:21:27]} {[%emt 00:03:04]} 24. b3 {[%clk
00:38:25]} {[%emt 00:02:49]} Rb6 {[%clk 00:20:07]} {[%emt 00:01:25]} 25. Ne4
{[%clk 00:37:56]} {[%emt 00:00:34]} g4 {[%clk 00:19:56]} {[%emt 00:00:16]} 26.
g3 {[%clk 00:35:57]} {[%emt 00:02:04]} Qxh3 {[%clk 00:17:14]} {[%emt 00:02:46]}
27. Rfe1 {[%clk 00:34:58]} {[%emt 00:01:06]} gxf3 {[%clk 00:16:59]} {[%emt
00:00:19]} 28. Bf1 {[%clk 00:34:10]} {[%emt 00:00:53]} Qf5 {[%clk 00:16:19]}
{[%emt 00:00:42]} 29. Nxd6 {[%clk 00:33:42]} {[%emt 00:00:36]} Rxe1 {[%clk
00:15:43]} {[%emt 00:00:41]} 30. Nxf5 {[%clk 00:33:10]} {[%emt 00:00:37]} Rxa1
{[%clk 00:15:39]} {[%emt 00:00:10]} 31. Ne3 {[%clk 00:32:30]} {[%emt 00:00:44]}
Bh3 {[%clk 00:15:22]} {[%emt 00:00:22]} 32. a4 {[%clk 00:32:09]} {[%emt
00:00:27]} Rxb3 {[%clk 00:15:14]} {[%emt 00:00:12]} 33. a5 {[%clk 00:31:30]}
{[%emt 00:00:44]} Rbb1 {[%clk 00:14:56]} {[%emt 00:00:24]} 34. g4 {[%clk
00:31:09]} {[%emt 00:00:26]} Rxf1+ {[%clk 00:14:44]} {[%emt 00:00:16]} 35. Nxf1
{[%clk 00:31:06]} {[%emt 00:00:07]} Rxf1+ {[%clk 00:14:48]} {[%emt 00:00:02]}
36. Kh2 {[%clk 00:31:03]} {[%emt 00:00:08]} Bxg4 {[%clk 00:14:46]} {[%emt
00:00:07]} 37. Kg3 {[%clk 00:30:17]} {[%emt 00:00:21]} f5 38. c4 {[%emt
00:01:02]} Ra1 {[%clk 00:14:19]} {[%emt 00:00:09]} 39. a6 {[%emt 00:00:49]}
Rxa6 {[%clk 00:13:50]} {[%emt 00:00:19]} 40. c5 {[%clk 00:29:34]} {[%emt
00:00:08]} Ra2 {[%emt 00:00:33]} 41. Kf4 {[%clk 00:29:24]} {[%emt 00:00:05]}
Rxf2 {[%clk 00:13:37]} {[%emt 00:00:12]} 42. Ke3 {[%clk 00:29:22]} {[%emt
00:00:08]} Re2+ {[%clk 00:13:02]} {[%emt 00:00:40]} 43. Kd3 {[%clk 00:29:14]}
{[%emt 00:00:12]} f2 {[%clk 00:12:52]} {[%emt 00:00:15]} 44. Kc3 {[%emt
00:00:09]} f1=Q {[%emt 00:00:06]} 45. Kd3 {[%emt 00:00:10]} Re4+ {[%clk
00:12:22]} {[%emt 00:00:15]} 46. Kc3 {[%clk 00:29:05]} {[%emt 00:00:15]} Qf3+
{[%clk 00:12:15]} {[%emt 00:00:11]} 47. Kd2 {[%clk 00:28:59]} {[%emt 00:00:12]}
Re2+ {[%clk 00:12:07]} {[%emt 00:00:12]} 48. Kd1 {[%clk 00:28:56]} {[%emt
00:00:08]} Qh1# {[%clk 00:12:00]} {[%emt 00:00:12]} 0-1

[Event "DVM U10 2023"]
[Site "Magdeburg GER"]
[Date "2023.12.28"]
[Round "3"]
[White "Optendrenk, Frederik"]
[Black "Theelke, Luiz"]
[Result "0-1"]
[Termination "normal"]
[Board "12.3"]
[WhiteElo "861"]
[BlackElo "1054"]
[WhiteClock "00:14:43"]
[BlackClock "00:18:48"]
[WhiteTeam "Schachfüchse Kempen 1986"]
[BlackTeam "SK Weisse Dame Hamburg"]
[PlyCount "70"]
[EventCountry "GER"]
[EventRounds "7"]
[EventType "team-swiss"]
[EventDate "2023.12.27"]

1. e4 {[%clk 00:55:09]} c5 {[%clk 00:55:06]} {[%emt 00:00:05]} 2. Nf3 {[%clk
00:55:09]} {[%emt 00:00:04]} d6 {[%clk 00:55:04]} {[%emt 00:00:07]} 3. d4
{[%clk 00:55:07]} {[%emt 00:00:07]} cxd4 {[%clk 00:55:01]} {[%emt 00:00:07]} 4.
Nxd4 {[%clk 00:55:07]} {[%emt 00:00:07]} Nf6 {[%clk 00:54:58]} {[%emt
00:00:07]} 5. Nc3 {[%clk 00:55:06]} {[%emt 00:00:06]} a6 {[%clk 00:54:58]}
{[%emt 00:00:05]} 6. Be2 {[%clk 00:55:06]} {[%emt 00:00:05]} e6 {[%clk
00:53:23]} {[%emt 00:01:40]} 7. O-O {[%clk 00:54:18]} {[%emt 00:00:54]} Be7
{[%clk 00:53:13]} {[%emt 00:00:15]} 8. f4 {[%clk 00:54:14]} {[%emt 00:00:09]}
Nbd7 {[%clk 00:51:57]} {[%emt 00:01:21]} 9. Kh1 {[%clk 00:54:02]} {[%emt
00:00:16]} O-O {[%clk 00:51:39]} {[%emt 00:00:24]} 10. Be3 {[%clk 00:53:13]}
{[%emt 00:00:54]} Qc7 {[%clk 00:51:10]} {[%emt 00:00:33]} 11. Qd2 {[%clk
00:52:24]} {[%emt 00:00:54]} b5 {[%clk 00:50:52]} {[%emt 00:00:24]} 12. a4
{[%clk 00:50:44]} {[%emt 00:01:45]} b4 {[%clk 00:49:28]} {[%emt 00:01:28]} 13.
Na2 {[%clk 00:50:41]} {[%emt 00:00:09]} Nxe4 {[%clk 00:49:13]} {[%emt
00:00:19]} 14. Qd3 {[%clk 00:50:22]} {[%emt 00:00:23]} Ndc5 {[%clk 00:48:12]}
{[%emt 00:01:08]} 15. Qd1 {[%clk 00:49:38]} {[%emt 00:00:48]} Rb8 {[%clk
00:40:46]} {[%emt 00:07:31]} 16. b3 {[%clk 00:47:52]} {[%emt 00:01:51]} Rd8
{[%clk 00:40:19]} {[%emt 00:00:33]} 17. Qe1 {[%clk 00:47:03]} {[%emt 00:00:53]}
Bf6 {[%clk 00:36:20]} {[%emt 00:04:04]} 18. Nxb4 {[%clk 00:42:13]} {[%emt
00:04:55]} Bb7 {[%clk 00:33:48]} {[%emt 00:02:50]} 19. Rd1 {[%clk 00:39:21]}
{[%emt 00:02:54]} Rbc8 {[%clk 00:32:18]} {[%emt 00:01:35]} 20. Nd3 {[%clk
00:33:41]} {[%emt 00:05:45]} Nxd3 {[%clk 00:31:01]} {[%emt 00:01:22]} 21. Bxd3
{[%clk 00:32:33]} {[%emt 00:01:13]} Nc5 {[%clk 00:29:56]} {[%emt 00:01:10]} 22.
Be2 {[%clk 00:28:25]} {[%emt 00:04:12]} Ne4 {[%clk 00:28:25]} {[%emt 00:01:36]}
23. c4 {[%clk 00:25:54]} {[%emt 00:02:37]} Ba8 {[%clk 00:25:23]} {[%emt
00:03:07]} 24. Rb1 {[%clk 00:23:10]} {[%emt 00:02:48]} Qb7 {[%clk 00:25:12]}
{[%emt 00:00:17]} 25. Bf3 {[%clk 00:22:22]} {[%emt 00:00:53]} d5 {[%clk
00:24:19]} {[%emt 00:00:57]} 26. cxd5 {[%clk 00:21:05]} {[%emt 00:01:23]} exd5
{[%clk 00:24:10]} {[%emt 00:00:14]} 27. Bxe4 {[%clk 00:18:47]} {[%emt
00:02:23]} dxe4 {[%clk 00:23:59]} {[%emt 00:00:16]} 28. Ne2 {[%clk 00:18:33]}
{[%emt 00:00:19]} Rd3 {[%clk 00:23:38]} {[%emt 00:00:25]} 29. Bg1 {[%clk
00:18:09]} {[%emt 00:00:30]} e3 {[%clk 00:23:01]} {[%emt 00:00:43]} 30. Rf3
{[%clk 00:17:39]} {[%emt 00:00:34]} Qe7 {[%clk 00:20:59]} {[%emt 00:02:06]} 31.
Rg3 {[%clk 00:17:11]} {[%emt 00:00:33]} Bh4 {[%emt 00:01:00]} 32. Qf1 {[%clk
00:16:08]} {[%emt 00:00:43]} Bxg3 {[%clk 00:20:17]} {[%emt 00:00:18]} 33. Nxg3
{[%clk 00:16:01]} {[%emt 00:00:11]} Qb7 {[%clk 00:19:52]} {[%emt 00:00:31]} 34.
h3 {[%clk 00:14:56]} {[%emt 00:01:10]} Rd2 {[%clk 00:19:09]} {[%emt 00:00:49]}
35. Bxe3 {[%clk 00:14:43]} {[%emt 00:00:17]} Rxg2 {[%clk 00:18:48]} {[%emt
00:00:26]} 0-1

[Event "DVM U10 2023"]
[Site "Magdeburg GER"]
[Date "2023.12.28"]
[Round "3"]
[White "Ma, Yan"]
[Black "Balthasar, Johann"]
[Result "1-0"]
[Termination "normal"]
[Board "13.1"]
[WhiteElo "1353"]
[BlackElo "911"]
[WhiteClock "00:19:37"]
[BlackClock "00:00:27"]
[WhiteTeam "SV Dresden-Leuben"]
[BlackTeam "SC Turm Erfurt"]
[PlyCount "105"]
[EventCountry "GER"]
[EventRounds "7"]
[EventType "team-swiss"]
[EventDate "2023.12.27"]

1. e4 {[%clk 00:55:09]} {[%emt 12:40:19]} c5 {[%clk 00:55:00]} {[%emt
00:00:09]} 2. Nf3 {[%clk 00:55:08]} {[%emt 00:00:08]} d6 {[%clk 00:54:34]}
{[%emt 00:00:32]} 3. d4 {[%clk 00:54:48]} {[%emt 00:00:24]} cxd4 {[%clk
00:54:19]} {[%emt 00:00:19]} 4. Nxd4 {[%clk 00:54:44]} {[%emt 00:00:10]} Nf6
{[%clk 00:53:38]} {[%emt 00:00:47]} 5. Nc3 {[%clk 00:54:34]} {[%emt 00:00:14]}
g6 {[%clk 00:53:05]} {[%emt 00:00:38]} 6. Bg5 {[%clk 00:54:08]} {[%emt
00:00:31]} Bg7 {[%clk 00:52:33]} {[%emt 00:00:37]} 7. Bc4 {[%clk 00:53:56]}
{[%emt 00:00:17]} O-O {[%clk 00:51:43]} {[%emt 00:00:55]} 8. Qd2 {[%clk
00:52:40]} {[%emt 00:01:22]} Nc6 {[%clk 00:50:36]} {[%emt 00:01:12]} 9. Nb3
{[%clk 00:50:42]} {[%emt 00:02:03]} Bd7 {[%clk 00:48:59]} {[%emt 00:01:41]} 10.
h4 {[%clk 00:48:59]} {[%emt 00:01:48]} h5 {[%clk 00:48:18]} {[%emt 00:00:46]}
11. Bxf6 {[%clk 00:47:12]} {[%emt 00:01:53]} Bxf6 {[%clk 00:47:39]} {[%emt
00:00:32]} 12. Ne2 {[%clk 00:46:57]} {[%emt 00:00:31]} Bxb2 {[%clk 00:46:05]}
{[%emt 00:01:35]} 13. Rb1 {[%clk 00:45:00]} {[%emt 00:02:06]} Bg7 {[%clk
00:44:47]} {[%emt 00:01:24]} 14. Nbd4 {[%clk 00:43:25]} {[%emt 00:01:39]} Nxd4
{[%clk 00:43:04]} {[%emt 00:01:46]} 15. Nxd4 {[%clk 00:43:18]} {[%emt
00:00:13]} Qc7 {[%clk 00:41:32]} {[%emt 00:01:38]} 16. Bb3 {[%clk 00:42:48]}
{[%emt 00:00:35]} Rac8 {[%clk 00:37:15]} {[%emt 00:04:22]} 17. Qe3 {[%clk
00:36:34]} {[%emt 00:06:18]} Qc3+ {[%clk 00:34:58]} {[%emt 00:02:23]} 18. Qxc3
{[%clk 00:36:19]} {[%emt 00:00:20]} Rxc3 {[%emt 00:00:15]} 19. Nf3 {[%emt
00:00:42]} e6 {[%clk 00:28:22]} {[%emt 00:05:45]} 20. Rd1 {[%clk 00:35:23]}
{[%emt 00:01:01]} Rc6 {[%clk 00:24:38]} {[%emt 00:03:48]} 21. O-O {[%clk
00:33:18]} {[%emt 00:02:10]} a5 {[%clk 00:20:35]} {[%emt 00:04:08]} 22. Ba4
{[%clk 00:32:51]} {[%emt 00:00:33]} Rc7 {[%clk 00:20:02]} {[%emt 00:00:38]} 23.
Bxd7 {[%clk 00:32:37]} {[%emt 00:00:18]} Rxd7 {[%clk 00:19:11]} {[%emt
00:00:43]} 24. e5 {[%clk 00:31:54]} {[%emt 00:01:01]} d5 {[%clk 00:17:51]}
{[%emt 00:01:25]} 25. c4 {[%clk 00:31:45]} {[%emt 00:00:14]} Rfd8 {[%clk
00:15:15]} {[%emt 00:02:41]} 26. cxd5 {[%clk 00:31:01]} {[%emt 00:00:49]} Rxd5
{[%clk 00:15:00]} {[%emt 00:00:19]} 27. Rxd5 {[%clk 00:30:44]} {[%emt
00:00:22]} Rxd5 {[%clk 00:14:57]} {[%emt 00:00:08]} 28. Re1 {[%clk 00:30:00]}
{[%emt 00:00:50]} b5 {[%clk 00:14:02]} {[%emt 00:01:01]} 29. Kf1 {[%clk
00:28:18]} {[%emt 00:01:47]} a4 {[%clk 00:11:41]} {[%emt 00:02:25]} 30. a3
{[%clk 00:27:00]} {[%emt 00:01:23]} Rd3 {[%clk 00:09:55]} {[%emt 00:01:50]} 31.
Ra1 {[%clk 00:26:48]} {[%emt 00:00:18]} Bf8 {[%clk 00:08:29]} {[%emt 00:01:30]}
32. Rb1 {[%clk 00:26:21]} {[%emt 00:00:34]} Rb3 {[%clk 00:08:07]} {[%emt
00:00:26]} 33. Rxb3 {[%clk 00:25:41]} {[%emt 00:00:44]} axb3 {[%emt 00:00:13]}
34. Nd2 {[%emt 00:00:07]} b2 {[%clk 00:06:52]} {[%emt 00:01:01]} 35. Nb1 {[%clk
00:25:30]} {[%emt 00:00:17]} Bh6 {[%clk 00:05:08]} {[%emt 00:01:49]} 36. g3
{[%clk 00:25:28]} {[%emt 00:00:07]} Bc1 {[%clk 00:05:09]} {[%emt 00:00:04]} 37.
Ke2 {[%clk 00:25:14]} {[%emt 00:00:18]} Kf8 {[%clk 00:04:44]} {[%emt 00:00:30]}
38. Kd3 {[%clk 00:25:09]} {[%emt 00:00:10]} Ke7 {[%clk 00:04:46]} {[%emt
00:00:03]} 39. Kc3 {[%clk 00:24:22]} {[%emt 00:00:51]} f6 {[%clk 00:04:03]}
{[%emt 00:00:34]} 40. exf6+ {[%clk 00:24:20]} {[%emt 00:00:23]} Kxf6 {[%clk
00:03:54]} {[%emt 00:00:02]} 41. Kb4 {[%clk 00:24:23]} {[%emt 00:00:14]} Ke7
{[%clk 00:03:56]} {[%emt 00:00:02]} 42. Kxb5 {[%clk 00:24:12]} {[%emt
00:00:16]} Kd7 {[%clk 00:04:00]} {[%emt 00:00:01]} 43. Kb6 {[%clk 00:23:43]}
{[%emt 00:00:35]} Kc8 {[%clk 00:03:54]} {[%emt 00:00:10]} 44. a4 {[%clk
00:23:23]} {[%emt 00:00:25]} Kb8 {[%clk 00:02:48]} {[%emt 00:01:17]} 45. f3
{[%clk 00:21:40]} {[%emt 00:01:52]} Be3+ {[%clk 00:02:42]} {[%emt 00:00:11]}
46. Kc6 {[%clk 00:21:10]} {[%emt 00:00:35]} Ka7 {[%clk 00:02:10]} {[%emt
00:00:38]} 47. Kb5 {[%clk 00:20:38]} {[%emt 00:00:37]} Bf2 {[%clk 00:02:07]}
{[%emt 00:00:07]} 48. g4 {[%clk 00:19:43]} {[%emt 00:01:00]} hxg4 {[%clk
00:01:44]} {[%emt 00:00:21]} 49. fxg4 {[%clk 00:19:46]} {[%emt 00:00:09]} e5
{[%clk 00:01:41]} {[%emt 00:00:08]} 50. Kc4 {[%clk 00:19:45]} {[%emt 00:00:06]}
e4 {[%emt 00:00:02]} 51. h5 {[%emt 00:00:20]} e3 {[%clk 00:01:13]} {[%emt
00:00:12]} 52. Kd3 {[%clk 00:19:40]} {[%emt 00:00:09]} gxh5 {[%clk 00:00:27]}
{[%emt 00:00:50]} 53. gxh5 {[%clk 00:19:37]} {[%emt 00:00:09]} 1-0